01413nab a2200229 a 4500003000900000005001700009007000300026008004100029040003000070041000800100100003300108245012000141264008500261300001900346336002700365337003400392338002800426362004000454520052100494600010201015773006601117DO-SdBNP20250502093428.0ta250502e2019 dr |||p|r||||||0| z spa d aDO-SdBNPbspacBNPHUerda hspa aLópez Reyes, Oscar,d1952- a100 aniversario de su nacimiento : bCasandra Damirón: amorosa, consejera y dominicanista /cOscar López Reyes. aBarahona Provincia, República Dominicana : b[editor no identificado], c2019. apáginas 2-6. atextobtxt2rdacontent asin mediación bn2rdamedia avolumenbnc2rdacarrier aAño 2, Núm 4, enero-abril 2019. aHablar de Casandra Damirón, nacida en Barahona el 12 de marzo de 1919, es igual que mencionar los flamboyanes de Batey Central y sus frutos, la cadencia de las aguas del río Birán, la sal mineral y el yeso, la espléndida hoja de nuestras matas de plátanos, la caña verdinegra y los movimientos del molino en la zafra azucarera del ingenio, el viejo templo católico, la ladera de la loma del Curro, las frondosas y elevadas montañas del Bahoruco, el proceloso mar Caribe y la costa que nos circunda... 0aDamirón, Casandra,d1919-1983vPublicaciones periódicas xAniversariozRepública Dominicana0 058884aGómez, Wilsono2025-3889tAquí Barahona : w524579